O marxismo (Registo nº 199633)

Detalhes MARC
000 -Etiqueta do registo
Valores 00451nam 22001693 4500
100 ## - Dados gerais de processamento
Dados gerais 20251218d u||y0pory50 ba
200 ## - Titulo e menção de responsabilidade
Título próprio O marxismo
Primeira menção de responsabilidade Henri Lefebvre
210 ## - Publicação
Local de publicação Lisboa
Nome do editor Círculo de Leitores
Data de publicação 1974
215 ## - Descrição física 
Paginação / Volumes 143 p
Outras indicações físicas brochado
Dimensões 20 cm
606 ## - Nome comum usado como assunto
ID Autoridade 1246
Palavra de ordem Política
675 ## - CDU
Notação 32
Edição PT
Língua por
700 ## - Autor principal (pessoa individual)
ID Autoridade 5836
Apelido Lefebvre
Nome Henri
Datas 1901-1991
801 ## - Fonte de origem
País PT
Agência BMMN
Regras de catalogação RPC
830 ## - Notas gerais do catalogador
Criado por Fernando
Indexado por Fernando
990 ## - Elementos KOHA
Tipo de documento Livro
Exemplares
Situação do levantamento Biblioteca de origem Código de barras Cota Permissão de empréstimo Tipo de documento Forma de aquisição
  Biblioteca Municipal de Montemor-o-Novo 28562 32 LEF|DEP   Livro Compra

Powered by Koha